000 00949nam a2200217 i 4500
001 89135
003 ES-MaACL
005 20250809083426.0
007 t|
008 050105s1924 fr ||||1| fre d
100 1 _aLange, Maurice.
_970021
245 1 3 _aLe comte Arthur de Gobineau
_b: étude biographique et critique /
_cMaurice Lange,... ; précédée d'un portrait de Maurice Lange et d'une notice biographique par M. C. Pfister.
260 _aStrasbourg :
_bLibrairie Istra ;
_aOxford :
_bOxford University Press,
_c1924.
300 _aXII, 291 p., 1 lám. ;
_c25 cm.
490 1 _aPublications de la Faculté des Lettres de l'Université de Strasbourg ;
_vFascicule 22
600 1 4 _aGobineau, Arthur
_ccomte de.
_9147893
700 1 _aPfister, Christian.
_991634
830 0 0 _aPublications de la Faculté des lettres de l'Université de Strasbourg
_vFascicule 22
_9184104
852 _aES-MaACL
_jA-2185
999 _c89135
_d89135